000 00435nam a2200145Ia 4500
008 231129s2007||||xx |||||||||||||| ||spa||
020 _a978-958-95878-4-3
040 _bspa
082 _a808.882 T124s
100 _aTafur Villegas Gustavo
245 0 _aSemillas de cambio: Pildoritas para nuestro diario vivir
260 _c2007
264 _aBogotá Colombia : Impresos R y R
942 _2ddc
_cBKS
999 _c24455
_d24455